Normal view
MARC view
- Foote , Horton
Entry Personal Name
001 - CONTROL NUMBER
- control field: 134032
003 - CONTROL NUMBER IDENTIFIER
- control field: NUST
005 - DATE AND TIME OF LATEST TRANSACTION
- control field: 20260410113657.0
008 - FIXED-LENGTH DATA ELEMENTS
- fixed length control field: 260410|| aca||aabn | a|a d
040 ## - CATALOGING SOURCE
- Original cataloging agency: NUST
- Transcribing agency: NUST
100 ## - HEADING--PERSONAL NAME
- Personal name: Foote , Horton
670 ## - SOURCE DATA FOUND
- Source citation: Work cat.: (NUST): Foote , Horton., To Kill a Mockingbird: The Screenplay and Related Readings /, 1997.
